00426nam a22001577a 450000500170000000800410001702000260005804000090008404100120009308200160010510000140012124500670013526000360020230000080023865000220024620260527160035.0260527b |||||||| |||| 00| 0 eng d a9789358702361c675.00 aMAIN aEnglish bSCHa709.54 aS. Chand  aIndian Art And Culture b: For UPSC And other PSC Examination  aUttar Pradesh bS. Chand c2024 a526 aCompetitive Books